Statistics for All NFL Starting Quarterbacks of the 2020s

Click here to take the quiz!

General Stats

  • This quiz has been taken 32,625 times
    (8,220 since last reset)
  • The average score is 62 of 110

Answer Stats

# StartsTeamsQuarterback% Correct
2249ersBrock Purdy
94%
65ChiefsPatrick Mahomes
94%
55RavensLamar Jackson
92%
60Seahawks, BroncosRussell Wilson
92%
50BuccaneersTom Brady
92%
50Packers, JetsAaron Rodgers
91%
62ChargersJustin Herbert
91%
67Lions, RamsMatthew Stafford
91%
33JetsZach Wilson
91%
47GiantsDaniel Jones
90%
3749ers, RaidersJimmy Garoppolo
90%
42PatriotsMac Jones
90%
63Lions, RamsJared Goff
89%
52BengalsJoe Burrow
89%
50CowboysDak Prescott
88%
35SeahawksGeno Smith
88%
67BillsJosh Allen
88%
38BearsJustin Fields
88%
57VikingsKirk Cousins
88%
50JaguarsTrevor Lawrence
88%
57Browns, Panthers, Rams, BuccaneersBaker Mayfield
87%
51DolphinsTua Tagovailoa
87%
6CommandersAlex Smith
86%
65Raiders, SaintsDerek Carr
86%
49CardinalsKyler Murray
86%
51EaglesJalen Hurts
85%
6BengalsBrandon Allen
84%
6Commanders, TexansKyle Allen
84%
28Texans, BrownsDeshaun Watson
83%
18PackersJordan Love
83%
45Falcons, ColtsMatt Ryan
83%
15TexansC.J. Stroud
82%
53TitansRyan Tannehill
82%
31SteelersBen Roethlisberger
79%
16PanthersBryce Young
79%
24SteelersKenny Pickett
79%
14Jets, BrownsJoe Flacco
75%
37Colts, Eagles, Commanders, RamsCarson Wentz
73%
12SaintsDrew Brees
70%
9SaintsJameis Winston
70%
20Panthers, PatriotsCam Newton
69%
4FalconsDesmond Ridder
69%
25Colts, Eagles, JaguarsGardner Minshew
69%
14Titans, Cardinals, VikingsJoshua Dobbs
69%
4ColtsAnthony Richardson
68%
449ersTrey Lance
68%
12Chargers, Texans, GiantsTyrod Taylor
68%
16ColtsPhilip Rivers
66%
18CommandersSam Howell
66%
18Broncos, SeahawksDrew Lock
65%
17Bears, SteelersMitchell Trubisky
64%
30Jets, Panthers, 49ersSam Darnold
64%
9PatriotsWill Levis
63%
30Bears, Cowboys, Saints, PanthersAndy Dalton
62%
4SteelersMason Rudolph
62%
8PatriotsBailey Zappe
61%
6GiantsTommy DeVito
61%
8Dolphins, CommandersRyan Fitzpatrick
57%
28Commanders, FalconsTaylor Heinicke
57%
9RavensTyler Huntley
57%
1RavensAnthony Brown
55%
26TexansDavis Mills
55%
13FalconsMarcus Mariota
54%
10Bears, ColtsNick Foles
53%
16Dolphins, BrownsJacoby Brissett
49%
7BengalsJake Browning
49%
9SaintsTaysom Hill
49%
31Broncos, Panthers, DolphinsTeddy Bridgewater
49%
10RaidersAidan O'Connell
48%
4ChargersEaston Stick
47%
1249ers, Browns, VikingsNick Mullens
47%
1ChiefsChad Henne
45%
1RavensJosh Johnson
43%
3Browns
Dorian Thompson-
Robinson
42%
7JetsMike White
42%
6CowboysCooper Rush
41%
3TitansMalik Willis
40%
2DolphinsSkylar Thompson
36%
8Saints, Bears, JetsTrevor Siemian
36%
12Panthers, BrownsP.J. Walker
33%
1ChiefsBlaine Gabbert
32%
4Browns, TexansCase Keenum
31%
1RavensRobert Griffin III
31%
349ers, JaguarsC.J. Beathard
30%
6CommandersDwayne Haskins
30%
4Raiders, BroncosJarrett Stidham
30%
8Cardinals, GiantsColt McCoy
29%
4BearsTyson Bagent
29%
1Patriots, RaidersBrian Hoyer
28%
1CowboysBen DiNucci
27%
2VikingsJaren Hall
26%
9Jaguars, GiantsMike Glennon
23%
5Lions, JetsTim Boyle
23%
4RamsJohn Wolford
20%
1CardinalsTrace McSorley
20%
4Broncos, RamsBrett Rypien
19%
1SaintsIan Book
18%
3Broncos, BrownsJeff Driskel
18%
1CardinalsClayton Tune
17%
1BearsNathan Peterman
17%
3ColtsSam Ehlinger
17%
2GiantsJake Fromm
15%
1BroncosKendall Hinton
15%
2CardinalsDavid Blough
14%
3JaguarsJake Luton
12%
1RamsBryce Perkins
11%
1GiantsDavis Webb
11%
2Cowboys, CommandersGarrett Gilbert
11%
1BengalsRyan Finley
11%
1VikingsSean Mannion
11%

Score Distribution

Percentile by Number Answered

Percent of People with Each Score

Your Score History

You have not taken this quiz since the last reset